| 000 | 00536pam a2200205 a 4500 | ||
|---|---|---|---|
| 020 |
_a0781728592 _c3250.00 |
||
| 041 |
_aeng _hNULL |
||
| 082 |
_a618.145 _bROC |
||
| 100 | _aROCK, J . | ||
| 245 |
_aTE LINDE`S OPERATIVE GYNAECOLOGY / _cNULL. _hTextual Documents |
||
| 250 |
_a10 / _b. |
||
| 260 |
_aNULL : _bLIPPINCOTT WILLIAMS & WILKINS , _c2008. |
||
| 300 |
_a1449 : : _bXVII ; ; _cA4 . . |
||
| 365 | _a3250.00 | ||
| 700 | _aJONES, H . | ||
| 907 | _a618 | ||
| 930 | _a1425 | ||
| 999 |
_c795961 _d795961 |
||
| 650 | _aOBST.GYNE | ||